000 00550nam a22001937a 4500
005 20240924094928.0
008 240924b |||||||| |||| 00| 0 eng d
020 _a040900457 X
022 _a0409004480
041 _aEnglish
082 _a349 JOU
100 _lEnglish
245 _aThe Law of South Africa /
_cWA Joubert
250 _aFirst Reissue
260 _aDurban:
_bButterworths Publishers (Pty) Ltd,
_c1995
300 _bviii, 339 pages;
_c26 cm.
650 _aLegal practice
_bLaw
942 _cBK
_6ALISON_BN_VRIES
999 _c3097
_d3097